| 000 | 00527nam a22002057a 4500 | ||
|---|---|---|---|
| 003 | OSt | ||
| 005 | 20170302153231.0 | ||
| 008 | 170302b xxu||||| |||| 00| 0 eng d | ||
| 020 | _a9789812790200 | ||
| 020 | _a9812790209 | ||
| 040 | _cDDC. | ||
| 082 | _a530HOO 2006. | ||
| 100 |
_a't Hooft,Gerald; _911736 |
||
| 245 | _aPlaying with Plannet. | ||
| 260 |
_aNew Jersey. _bWorld Scientific. _c2006 |
||
| 300 |
_avii,143p; _bill: _c26cm. |
||
| 504 | _aincludes illustrations. | ||
| 650 |
_aPhysics. _9809 |
||
| 942 |
_2ddc _cO_SHELF |
||
| 999 |
_c5627 _d5627 |
||